L'Août / (Record no. 89857)
[ view plain ]
| 000 -LEADER | |
|---|---|
| campo de control de longitud fija | 00737nam a2200217 i 4500 |
| 001 - NÚMERO DE CONTROL | |
| campo de control | 89857 |
| 003 - IDENTIFICADOR DE NÚMERO DE CONTROL | |
| campo de control | ES-MaACL |
| 005 - FECHA Y HORA DE LA ÚLTIMA TRANSACCIÓN | |
| campo de control | 20230906180304.0 |
| 007 - CAMPO FIJO DE DESCRIPCIÓN FÍSICA--INFORMACIÓN GENERAL | |
| campo de control de longitud fija | t| |
| 008 - DATOS DE LONGITUD FIJA--INFORMACIÓN GENERAL | |
| campo de control de longitud fija | 050114s1928 fr ||||1| fre d |
| 100 1# - ENTRADA PRINCIPAL--NOMBRE DE PERSONA | |
| Nombre de persona | Streuvels, Stijn. |
| 9 (RLIN) | 70518 |
| 245 12 - MENCIÓN DEL TÍTULO | |
| Título | L'Août / |
| Mención de responsabilidad, etc. | Stijin Streuvels [seud] ; traduit du flamand par Georges Khnopff ; avant propos de Augustin Habaru. |
| 260 ## - PUBLICACIÓN, DISTRIBUCIÓN, ETC. | |
| Lugar de publicación, distribución, etc. | Paris : |
| Nombre del editor, distribuidor, etc. | Delamain et Boutelleau, |
| Fecha de publicación, distribución, etc. | 1928 ( |
| Lugar de fabricación/manufactura | Saint-Amande : |
| Fabricante | Montrond) |
| 300 ## - DESCRIPCIÓN FÍSICA | |
| Extensión | 261 p. ; |
| Dimensiones | 19 cm. |
| 490 1# - MENCIÓN DE SERIE | |
| Mención de serie | Le Cabinet Cosmopolite ; |
| Designación de volumen o secuencia | 22 |
| 700 1# - ENTRADA AGREGADA--NOMBRE PERSONAL | |
| Nombre de persona | Khnopff, Georges. |
| 9 (RLIN) | 67993 |
| 700 1# - ENTRADA AGREGADA--NOMBRE PERSONAL | |
| Nombre de persona | Habaru, Augustin. |
| 9 (RLIN) | 61367 |
| 830 0# - PUNTO DE ACCESO ADICIONAL DE SERIE-TÍTULO UNIFORME | |
| Título uniforme | Le Cabinet Cosmopolite ; |
| Designación de volumen o secuencia | 22 |
| 9 (RLIN) | 184129 |
| 852 ## - LOCALIZACIÓN | |
| Ubicación | ES-MaACL |
| Número de control de estantería | A-2076 |
| Sublocalización o colección | R.13244 |
| Estatus retirado | Estado de pérdida | Estado de daño | No para préstamo | Biblioteca de origen | Biblioteca actual | Ubicación en estantería | Fecha de adquisición | Fuente de adquisición | Total de préstamos | Signatura topográfica completa | Código de barras | Visto por última vez | Precio de reemplazo | Tipo de ítem Koha |
|---|---|---|---|---|---|---|---|---|---|---|---|---|---|---|
| Biblioteca del Ateneo de Madrid | Biblioteca del Ateneo de Madrid | Sala Pecera Planta 1 | 17/01/2008 | A-2076 | 1093840 | 23/02/2023 | 23/02/2023 | Libro impreso |
